000 00572nam a2200205 a 4500
005 20140310183352.0
008 120914s19uu xx 00 eng d
020 _a9789381460221
050 _aTX 911.3.M27
_b.Sh561 2012
100 _aShrivastava, Atul
245 _aHospitality asset management /
_cAtul Shrivastava.
250 _a1st ed.
260 _aNew Delhi, India :
_bCentrum Press,
_c2012.
300 _a256 p. :
_b22 cm.
521 _aTOU
650 _aHospitality industry
650 _aHospitality management
942 _cBK
_2lcc
_kFOR
999 _c22119
_d22119